Statistics for Former Soviet Countries That Don't Border Russia

Click here to take the quiz!

General Stats

  • This quiz has been taken 98 times
  • The average score is 5 of 6

Answer Stats

Country % Correct
Turkmenistan
91%
Tajikistan
90%
Armenia
89%
Uzbekistan
89%
Moldova
85%
Kyrgyzstan
84%

Score Distribution

Percentile by Number Answered

Percent of People with Each Score

Your Score History

You have not taken this quiz